| 000 | 00955nam0a22002891 4500 | ||
|---|---|---|---|
| 001 | rc\14798 | ||
| 005 | 20260406060131.0 | ||
| 010 |
_a5-900493-15-6 _930000 |
||
| 035 | _a(NLR Aleph) 005303150 | ||
| 090 |
_a6309748 _c6309748 |
||
| 100 | _a20021204d1995 |||y0rusy50 ca | ||
| 101 | 0 | _arus | |
| 102 | _aRU | ||
| 105 | _aa ||||||||| | ||
| 200 | 1 | _aТеатр Иосифа Сталина | |
| 210 |
_aМ. _cГрэгори-Пэйдж _d1995 |
||
| 215 |
_a380 c., [8] л. ил., портр. _d20 |
||
| 300 | _aС автогр. авт. | ||
| 320 | _aБиблиогр. : с. 371-377 | ||
| 600 | 1 |
_aСталин _bИ.В. _gИосиф Виссарионович _f1878-1953 _2psbo |
|
| 700 | 1 |
_7ca _8rus _aАнтонов-Овсеенко _bА. В. _f1920-2013 _gАнтон Владимирович _9120178 _3RU\NLR\AUTH\7710401 |
|
| 801 | 0 |
_aRU _bNLR _gpsbo |
|
| 801 | 1 |
_aRU _bELAR _2rusmarc |
|
| 852 |
_aNLR _j95-3/7016 |
||
| 942 | _cBOOK | ||
| 980 | _aNB | ||